[Event "Lasker 150th Birthday Blitz"]
[Site "Berlin"]
[Date "2018.04.28"]
[Round "4"]
[White "Carlstedt, Jonathan"]
[Black "Volokitin, Andrei"]
[Result "0-1"]
[WhiteElo "2432"]
[BlackElo "2632"]
[PlyCount "56"]
[EventDate "2018.04.28"]
[EventType "swiss (blitz)"]
[EventRounds "8"]
[EventCountry "GER"]
[SourceTitle "Mega2018 Update 28"]
[Source "Chessbase"]
[SourceDate "2018.05.04"]
[SourceVersion "1"]
[SourceVersionDate "2018.05.04"]
[SourceQuality "1"]

1. c4 e5 2. g3 Nf6 3. Bg2 d5 4. cxd5 Nxd5 5. Nc3 Nb6 6. Nf3 Nc6 7. O-O Be7 8. d3 O-O 9. Be3 Be6 10. Rc1 Qd7 11. a3 Bh3 12. b4 Bxg2 13. Kxg2 Qe6 14. Ne4 Nd5 15. Bc5 b6 16. Bxe7 Ncxe7 17. Neg5 Qd6 18. Ne4 Qe6 19. Neg5 Qd6 20. d4 exd4 21. Qxd4 h6 22. Ne4 Qe6 23. Qe5 Qg6 24. Nh4 Qg4 25. Nf3 Ng6 26. Qd4 Ngf4+ 27. Kh1 Nxe2 28. Ne5 Qe6 0-1

[Event "Lasker 150th Birthday Blitz"]
[Site "Berlin"]
[Date "2018.04.28"]
[Round "5"]
[White "Tomashevsky, Evgeny"]
[Black "Bluebaum, Matthias"]
[Result "1/2-1/2"]
[WhiteElo "2714"]
[BlackElo "2616"]
[PlyCount "49"]
[EventDate "2018.04.28"]
[EventType "swiss (blitz)"]
[EventRounds "8"]
[EventCountry "GER"]
[SourceTitle "Mega2018 Update 28"]
[Source "Chessbase"]
[SourceDate "2018.05.04"]
[SourceVersion "1"]
[SourceVersionDate "2018.05.04"]
[SourceQuality "1"]

1. c4 e6 2. Nf3 d5 3. b3 Nf6 4. Bb2 Be7 5. e3 O-O 6. Be2 dxc4 7. Bxc4 c5 8. O-O a6 9. Be2 b6 10. d4 cxd4 11. Nxd4 Bb7 12. Bf3 Bxf3 13. Qxf3 Qd5 14. Nd2 Nbd7 15. Rac1 Qxf3 16. N2xf3 Rfc8 17. Rfd1 Kf8 18. Kf1 Ke8 19. Ke2 Nd5 20. Nd2 b5 21. Ne4 N5f6 22. Nd2 Nd5 23. g4 N7b6 24. Nc6 Bf6 25. h3 1/2-1/2

[Event "Lasker 150th Birthday Blitz"]
[Site "Berlin"]
[Date "2018.04.28"]
[Round "5"]
[White "Van Wely, Loek"]
[Black "Bindrich, Falko"]
[Result "1/2-1/2"]
[WhiteElo "2670"]
[BlackElo "2588"]
[PlyCount "150"]
[EventDate "2018.04.28"]
[EventType "swiss (blitz)"]
[EventRounds "8"]
[EventCountry "GER"]
[SourceTitle "Mega2018 Update 28"]
[Source "Chessbase"]
[SourceDate "2018.05.04"]
[SourceVersion "1"]
[SourceVersionDate "2018.05.04"]
[SourceQuality "1"]

1. c4 e6 2. Nf3 d5 3. d4 Nf6 4. Nc3 c5 5. cxd5 Nxd5 6. e4 Nxc3 7. bxc3 cxd4 8. cxd4 Bb4+ 9. Bd2 Bxd2+ 10. Qxd2 O-O 11. Rc1 Nd7 12. Bd3 b6 13. O-O Bb7 14. Qe3 h6 15. e5 Rc8 16. Nd2 Qg5 17. Qxg5 hxg5 18. Be4 Rxc1 19. Rxc1 Rc8 20. Rxc8+ Bxc8 21. Nc4 f6 22. Nd6 Ba6 23. Bc6 Nf8 24. Be8 Kh7 25. g3 Ng6 26. f3 fxe5 27. Bxg6+ Kxg6 28. dxe5 Bd3 29. Kf2 a6 30. Ke3 Bb1 31. a3 Ba2 32. Kd4 Bd5 33. Nc8 Bxf3 34. Nxb6 Kf5 35. Nc4 Kg4 36. Nd2 Bd5 37. Ke3 Kh3 38. Kf2 Kxh2 39. Nf1+ Kh3 40. Ne3 Bc6 41. Nc2 Kg4 42. Ne3+ Kh5 43. Ke2 Bb5+ 44. Kd2 Bc6 45. Kc3 Bb5 46. Kb4 Bd3 47. Kc5 Bb1 48. a4 Kg6 49. a5 Bd3 50. Kd6 Kf7 51. Nd1 Bc4 52. Ne3 Bb3 53. Kc5 Ba4 54. Nc4 Kg6 55. Kb6 Bb5 56. Nd6 Bd3 57. Nb7 Kf5 58. Nc5 Be2 59. Nxa6 Kxe5 60. Nc7 Kd6 61. Nb5+ Kd7 62. a6 e5 63. a7 Bf3 64. Nc7 Kd6 65. Nb5+ Kd7 66. Kc5 Ba8 67. Kb6 e4 68. Kc5 e3 69. Nc3 Kc7 70. Kd4 Kb6 71. Kxe3 Kxa7 72. Ne4 Kb6 73. Nxg5 Kc5 74. Ne6+ Kd6 75. Nxg7 Ke5 1/2-1/2

[Event "Lasker 150th Birthday Blitz"]
[Site "Berlin"]
[Date "2018.04.28"]
[Round "5"]
[White "Volokitin, Andrei"]
[Black "Shirov, Alexei"]
[Result "1-0"]
[WhiteElo "2632"]
[BlackElo "2644"]
[PlyCount "59"]
[EventDate "2018.04.28"]
[EventType "swiss (blitz)"]
[EventRounds "8"]
[EventCountry "GER"]
[SourceTitle "Mega2018 Update 28"]
[Source "Chessbase"]
[SourceDate "2018.05.04"]
[SourceVersion "1"]
[SourceVersionDate "2018.05.04"]
[SourceQuality "1"]

1. e4 e5 2. Nf3 Nc6 3. Bc4 Bc5 4. O-O Nf6 5. d3 O-O 6. h3 d5 7. exd5 Nxd5 8. Re1 Be6 9. c3 Bb6 10. Bb3 Re8 11. Na3 f6 12. d4 exd4 13. c4 Ndb4 14. c5 Bxb3 15. Qxb3+ Qd5 16. Qxd5+ Nxd5 17. cxb6 Rxe1+ 18. Nxe1 axb6 19. Nd3 Ne5 20. Nxe5 fxe5 21. Bd2 Kf7 22. f3 Ke6 23. Re1 Kf6 24. Kf2 c6 25. Ke2 b5 26. Kd3 b4 27. Nc4 Rxa2 28. Kc2 c5 29. Rxe5 Nb6 30. Rxc5 1-0

[Event "Lasker 150th Birthday Blitz"]
[Site "Berlin"]
[Date "2018.04.28"]
[Round "5"]
[White "Van Foreest, Jorden"]
[Black "Seyb, Alexander"]
[Result "0-1"]
[WhiteElo "2631"]
[BlackElo "2395"]
[PlyCount "164"]
[EventDate "2018.04.28"]
[EventType "swiss (blitz)"]
[EventRounds "8"]
[EventCountry "GER"]
[SourceTitle "Mega2018 Update 28"]
[Source "Chessbase"]
[SourceDate "2018.05.04"]
[SourceVersion "1"]
[SourceVersionDate "2018.05.04"]
[SourceQuality "1"]

1. e4 e5 2. Nf3 Nc6 3. Bb5 a6 4. Ba4 g6 5. d4 exd4 6. Bg5 Be7 7. Bxe7 Qxe7 8. Bxc6 dxc6 9. Qxd4 Nf6 10. Nc3 Bg4 11. Nd2 c5 12. Qe3 O-O-O 13. h3 Bd7 14. O-O-O Bc6 15. f3 b6 16. g4 Kb7 17. Nc4 Qe6 18. b3 Bb5 19. Nd2 Rd4 20. a4 Bc6 21. Ne2 Rd7 22. a5 Qe5 23. Qc3 Qxc3 24. Nxc3 Bb5 25. h4 Rhd8 26. Rhe1 bxa5 27. Na4 Bxa4 28. bxa4 Rd4 29. Nb3 Rxd1+ 30. Rxd1 Rxd1+ 31. Kxd1 Kb6 32. Nd2 Nd7 33. Nc4+ Kc6 34. Nxa5+ Kd6 35. Nc4+ Ke6 36. Kd2 h6 37. f4 Nf6 38. f5+ Ke7 39. Ke3 Nxg4+ 40. Kf4 Nf6 41. Ne5 g5+ 42. hxg5 hxg5+ 43. Kxg5 Nxe4+ 44. Kf4 Nf6 45. Nc4 Nd5+ 46. Kf3 Nb6 47. Nb2 Kd6 48. Ke4 a5 49. c3 c4 50. Kd4 c5+ 51. Ke4 f6 52. Kf4 Kd5 53. Nd1 Kc6 54. Nb2 Nd5+ 55. Kf3 Nb6 56. Ke4 Kd7 57. Kf4 Kd6 58. Ke4 Kc6 59. Kf4 Nxa4 60. Nxc4 Nxc3 61. Nxa5+ Kd5 62. Kg4 c4 63. Kf4 Ne2+ 64. Ke3 Nd4 65. Nb7 Nxf5+ 66. Kf4 Nd6 67. Nd8 f5 68. Ke3 c3 69. Kd3 Ne4 70. Nf7 Ke6 71. Nd8+ Ke5 72. Nc6+ Kf4 73. Nd4 Kg5 74. Ke3 Nc5 75. Nf3+ Kg4 76. Nh2+ Kh3 77. Nf3 Kg3 78. Ne1 f4+ 79. Kd4 f3 80. Nc2 f2 81. Ne3 Kf3 82. Nf1 c2 0-1

[Event "Lasker 150th Birthday Blitz"]
[Site "Berlin"]
[Date "2018.04.28"]
[Round "5"]
[White "Bindrich, Falko"]
[Black "Van Wely, Loek"]
[Result "1/2-1/2"]
[WhiteElo "2588"]
[BlackElo "2670"]
[PlyCount "82"]
[EventDate "2018.04.28"]
[EventType "swiss (blitz)"]
[EventRounds "8"]
[EventCountry "GER"]
[SourceTitle "Mega2018 Update 28"]
[Source "Chessbase"]
[SourceDate "2018.05.04"]
[SourceVersion "1"]
[SourceVersionDate "2018.05.04"]
[SourceQuality "1"]

1. d4 Nf6 2. c4 g6 3. g3 c6 4. Bg2 d5 5. Nf3 Bg7 6. O-O O-O 7. cxd5 cxd5 8. Ne5 e6 9. Nc3 Nfd7 10. f4 Nc6 11. Be3 Nb6 12. b3 Bd7 13. Bf2 Rc8 14. Rc1 Qe7 15. e4 dxe4 16. Bxe4 Rfd8 17. Qf3 Be8 18. Rfd1 f5 19. Bb1 Nb4 20. Re1 N4d5 21. Nxd5 Nxd5 22. Nc4 b5 23. Ne5 Qd6 24. Rc5 b4 25. Nc4 Qd7 26. Ne5 Bxe5 27. Rxe5 Nc3 28. Rxc8 Qxc8 29. Bd3 Bc6 30. Qe3 Bd5 31. g4 Ne4 32. Bh4 Rd7 33. Qe1 a5 34. Bxe4 Bxe4 35. Rc5 Rc7 36. Qc1 Rc6 37. gxf5 gxf5 38. Bf6 Qd7 39. Rxc6 Qxc6 40. Qxc6 Bxc6 41. Bd8 a4 1/2-1/2

[Event "Lasker 150th Birthday Blitz"]
[Site "Berlin"]
[Date "2018.04.28"]
[Round "5"]
[White "Svane, Rasmus"]
[Black "Rabiega, Robert"]
[Result "0-1"]
[WhiteElo "2587"]
[BlackElo "2514"]
[PlyCount "46"]
[EventDate "2018.04.28"]
[EventType "swiss (blitz)"]
[EventRounds "8"]
[EventCountry "GER"]
[SourceTitle "Mega2018 Update 28"]
[Source "Chessbase"]
[SourceDate "2018.05.04"]
[SourceVersion "1"]
[SourceVersionDate "2018.05.04"]
[SourceQuality "1"]

1. Nf3 d5 2. d4 Nf6 3. c4 dxc4 4. e3 Bg4 5. Bxc4 e6 6. Nc3 Nc6 7. Bb5 Bd6 8. Qa4 Bxf3 9. gxf3 O-O 10. Bxc6 bxc6 11. Qxc6 Rb8 12. Rg1 g6 13. Qa4 c5 14. dxc5 Bxc5 15. Qc2 Nd5 16. Nxd5 Qxd5 17. Bd2 Rfc8 18. Bc3 Bb4 19. Qe4 Rxc3 20. bxc3 Bxc3+ 21. Kf1 Qxe4 22. fxe4 Bxa1 23. Rg5 e5 0-1

[Event "Lasker 150th Birthday Blitz"]
[Site "Berlin"]
[Date "2018.04.28"]
[Round "5"]
[White "Postny, Evgeny"]
[Black "Grandelius, Nils"]
[Result "1/2-1/2"]
[WhiteElo "2575"]
[BlackElo "2652"]
[PlyCount "116"]
[EventDate "2018.04.28"]
[EventType "swiss (blitz)"]
[EventRounds "8"]
[EventCountry "GER"]
[SourceTitle "Mega2018 Update 28"]
[Source "Chessbase"]
[SourceDate "2018.05.04"]
[SourceVersion "1"]
[SourceVersionDate "2018.05.04"]
[SourceQuality "1"]

1. d4 Nf6 2. c4 e6 3. Nf3 d5 4. g3 Bb4+ 5. Bd2 Bd6 6. Bg2 c6 7. Qc2 Nbd7 8. O-O O-O 9. b3 Ne4 10. Nc3 Nxd2 11. Nxd2 f5 12. e3 Nf6 13. Ne2 Bd7 14. Nf4 Qe8 15. Nf3 Ng4 16. h3 Nh6 17. Ne5 Nf7 18. Nxf7 Qxf7 19. Nd3 Qf6 20. f4 Rac8 21. b4 g5 22. c5 Bc7 23. a4 Kh8 24. Ne5 Be8 25. Qe2 Rg8 26. Kh1 gxf4 27. gxf4 Qh4 28. Qf2 Qxf2 29. Rxf2 Rg3 30. Rf3 Rg7 31. Kh2 Bh5 32. Rg3 Rxg3 33. Kxg3 Rg8+ 34. Kf2 Bd8 35. Bf3 Bh4+ 36. Kf1 Be8 37. Bg2 Rg3 38. Nf3 Bf6 39. Kf2 Rg7 40. b5 Kg8 41. Rb1 Kf8 42. Bf1 Ke7 43. a5 Kd8 44. a6 cxb5 45. Bxb5 Bxb5 46. Rxb5 bxa6 47. Ra5 Rb7 48. Rxa6 Ke7 49. Ne5 Bh4+ 50. Kf3 Rb2 51. Rxa7+ Ke8 52. Ra8+ Ke7 53. Ra7+ Ke8 54. Nd3 Rd2 55. Ra3 Kd8 56. Rb3 h6 57. Rc3 Kc7 58. Rb3 Kc6 1/2-1/2

[Event "Lasker 150th Birthday Blitz"]
[Site "Berlin"]
[Date "2018.04.28"]
[Round "5"]
[White "Rabiega, Robert"]
[Black "Svane, Rasmus"]
[Result "1-0"]
[WhiteElo "2514"]
[BlackElo "2587"]
[PlyCount "44"]
[EventDate "2018.04.28"]
[EventType "swiss (blitz)"]
[EventRounds "8"]
[EventCountry "GER"]
[SourceTitle "Mega2018 Update 28"]
[Source "Chessbase"]
[SourceDate "2018.05.04"]
[SourceVersion "1"]
[SourceVersionDate "2018.05.04"]
[SourceQuality "1"]

1. e4 c6 2. d4 d5 3. Nd2 dxe4 4. Nxe4 Nf6 5. Nxf6+ exf6 6. c3 Bd6 7. Bd3 O-O 8. Ne2 Re8 9. O-O Na6 10. Ng3 g6 11. Qf3 f5 12. Bf4 Nc7 13. Rfe1 Be6 14. Be5 Qd7 15. Qf4 Nd5 16. Qd2 Bf8 17. Nh5 Qd8 18. c4 Bb4 19. Qh6 Bf8 20. Qc1 gxh5 21. cxd5 Bxd5 22. Qf4 Re6 1-0

[Event "Lasker 150th Birthday Blitz"]
[Site "Berlin"]
[Date "2018.04.28"]
[Round "5"]
[White "Seyb, Alexander"]
[Black "Van Foreest, Jorden"]
[Result "1-0"]
[WhiteElo "2395"]
[BlackElo "2631"]
[PlyCount "79"]
[EventDate "2018.04.28"]
[EventType "swiss (blitz)"]
[EventRounds "8"]
[EventCountry "GER"]
[SourceTitle "Mega2018 Update 28"]
[Source "Chessbase"]
[SourceDate "2018.05.04"]
[SourceVersion "1"]
[SourceVersionDate "2018.05.04"]
[SourceQuality "1"]

1. e4 e5 2. Nf3 Nf6 3. Nxe5 d6 4. Nf3 Nxe4 5. Bd3 d5 6. O-O Be7 7. Nc3 Nf6 8. Re1 O-O 9. Bf1 Bg4 10. d4 Nbd7 11. Bf4 c6 12. h3 Bh5 13. g4 Bg6 14. Ne5 Nxe5 15. dxe5 Nd7 16. Bg3 Qb6 17. Qd2 Rae8 18. Na4 Qb4 19. Qxb4 Bxb4 20. c3 Be7 21. b3 f5 22. f4 fxg4 23. hxg4 Be4 24. Rad1 g5 25. f5 b5 26. Rxe4 dxe4 27. Rxd7 bxa4 28. Bc4+ Kh8 29. b4 e3 30. Kf1 h5 31. Ke2 hxg4 32. Bd3 c5 33. a3 cxb4 34. cxb4 a5 35. f6 Bxf6 36. exf6 Rxf6 37. bxa5 Rf3 38. Be1 Rc8 39. a6 g3 40. Kxf3 1-0

[Event "Lasker 150th Birthday Blitz"]
[Site "Berlin"]
[Date "2018.04.28"]
[Round "6"]
[White "Tomashevsky, Evgeny"]
[Black "Van Wely, Loek"]
[Result "1/2-1/2"]
[WhiteElo "2714"]
[BlackElo "2670"]
[PlyCount "61"]
[EventDate "2018.04.28"]
[EventType "swiss (blitz)"]
[EventRounds "8"]
[EventCountry "GER"]
[SourceTitle "Mega2018 Update 28"]
[Source "Chessbase"]
[SourceDate "2018.05.04"]
[SourceVersion "1"]
[SourceVersionDate "2018.05.04"]
[SourceQuality "1"]

1. Nf3 Nf6 2. c4 e6 3. g3 a6 4. Bg2 b5 5. d3 Bb7 6. O-O c5 7. Nc3 Qb6 8. Qb3 Bc6 9. a4 b4 10. a5 Qb7 11. Na4 d6 12. Nb6 Ra7 13. Be3 Be7 14. d4 Nbd7 15. Nxd7 Nxd7 16. Rfd1 O-O 17. Ne1 Bxg2 18. Nxg2 cxd4 19. Bxd4 Raa8 20. Qd3 b3 21. Ne3 Rfc8 22. Rd2 Rab8 23. h4 Nc5 24. Bxc5 Rxc5 25. Rdd1 Qb4 26. Qd2 Qb7 27. Ra3 h6 28. Qd3 Qb4 29. Qd2 Qb7 30. Qd3 Qb4 31. Qd2 1/2-1/2

[Event "Lasker 150th Birthday Blitz"]
[Site "Berlin"]
[Date "2018.04.28"]
[Round "6"]
[White "Grandelius, Nils"]
[Black "Lagarde, Maxime"]
[Result "1-0"]
[WhiteElo "2652"]
[BlackElo "2591"]
[PlyCount "109"]
[EventDate "2018.04.28"]
[EventType "swiss (blitz)"]
[EventRounds "8"]
[EventCountry "GER"]
[SourceTitle "Mega2018 Update 28"]
[Source "Chessbase"]
[SourceDate "2018.05.04"]
[SourceVersion "1"]
[SourceVersionDate "2018.05.04"]
[SourceQuality "1"]

1. e4 c5 2. Nf3 Nf6 3. e5 Nd5 4. Nc3 Nxc3 5. dxc3 Nc6 6. Bf4 Qb6 7. Rb1 Qc7 8. Bd3 e6 9. Be4 h6 10. h4 b6 11. Qe2 Bb7 12. Rd1 O-O-O 13. Qd2 Kb8 14. Bg3 Be7 15. h5 Na5 16. Bxb7 Qxb7 17. Qf4 Rhf8 18. O-O Ka8 19. Qg4 Rg8 20. Rd2 f5 21. Qa4 Qe4 22. Qxe4+ fxe4 23. Nh4 Nc4 24. Re2 Bxh4 25. Bxh4 Rdf8 26. Rd1 Nxe5 27. Rxe4 Rf5 28. Bg3 Nf7 29. Rxd7 Rd8 30. Rxd8+ Nxd8 31. Rg4 Rxh5 32. Rxg7 Nc6 33. Rg6 Na5 34. Rxe6 Nc4 35. b3 Na3 36. Re2 Rd5 37. f4 Kb7 38. Kf2 Kc8 39. Kf3 Nb1 40. Be1 h5 41. Ke4 Rd8 42. Kf5 Kd7 43. c4 Rg8 44. g3 a6 45. Re5 Na3 46. Re2 Nb1 47. Ke4 Na3 48. Kf3 b5 49. cxb5 axb5 50. Bf2 Kd6 51. Re5 Rc8 52. Rxh5 Nxc2 53. Rh6+ Kd5 54. g4 c4 55. bxc4+ 1-0

[Event "Lasker 150th Birthday Blitz"]
[Site "Berlin"]
[Date "2018.04.28"]
[Round "6"]
[White "Bok, Benjamin"]
[Black "Donchenko, Alexander"]
[Result "0-1"]
[WhiteElo "2640"]
[BlackElo "2574"]
[PlyCount "72"]
[EventDate "2018.04.28"]
[EventType "swiss (blitz)"]
[EventRounds "8"]
[EventCountry "GER"]
[SourceTitle "Mega2018 Update 28"]
[Source "Chessbase"]
[SourceDate "2018.05.04"]
[SourceVersion "1"]
[SourceVersionDate "2018.05.04"]
[SourceQuality "1"]

1. c4 b6 2. g3 Bb7 3. Nf3 g6 4. Bg2 Bg7 5. O-O Nf6 6. d4 O-O 7. d5 Ne4 8. Qc2 f5 9. Ng5 Nd6 10. Rd1 Na6 11. Bf4 h6 12. Nf3 Qe8 13. Na3 Nc5 14. Nb5 Nxb5 15. cxb5 e5 16. dxe6 Nxe6 17. Be5 Bxf3 18. Bxf3 Bxe5 19. Bxa8 Qxa8 20. Rxd7 Bd6 21. Rd1 Qe8 22. Qc6 Nc5 23. R7xd6 cxd6 24. Qxd6 Kh7 25. b4 Ne4 26. Qd7+ Qf7 27. Rd3 Nf6 28. Qd6 Re8 29. Kf1 Kg7 30. a4 Re7 31. Qc6 Qa2 32. e3 Qb1+ 33. Ke2 Qxb4 34. Qc2 Ne4 35. Rd4 Qc3 36. Qa2 Qxd4 0-1

[Event "Lasker 150th Birthday Blitz"]
[Site "Berlin"]
[Date "2018.04.28"]
[Round "6"]
[White "Volokitin, Andrei"]
[Black "Kahlert, Thomas"]
[Result "1-0"]
[WhiteElo "2632"]
[BlackElo "2191"]
[PlyCount "51"]
[EventDate "2018.04.28"]
[EventType "swiss (blitz)"]
[EventRounds "8"]
[EventCountry "GER"]
[SourceTitle "Mega2018 Update 28"]
[Source "Chessbase"]
[SourceDate "2018.05.04"]
[SourceVersion "1"]
[SourceVersionDate "2018.05.04"]
[SourceQuality "1"]

1. e4 e5 2. Nf3 Nc6 3. Bc4 Nf6 4. d3 Be7 5. O-O O-O 6. Nc3 d6 7. a3 Be6 8. Nd5 Nd4 9. Nxd4 exd4 10. Nxf6+ Bxf6 11. Bxe6 fxe6 12. Qg4 Qe7 13. f4 c5 14. f5 Rae8 15. Bd2 Be5 16. b3 b6 17. a4 Rf7 18. Rf3 exf5 19. exf5 Kh8 20. Rh3 Ref8 21. Rf1 Qd7 22. Rff3 Rxf5 23. Qg6 h6 24. Bxh6 Rxf3 25. Bxg7+ Kg8 26. Rh8# 1-0

[Event "Lasker 150th Birthday Blitz"]
[Site "Berlin"]
[Date "2018.04.28"]
[Round "6"]
[White "Van Foreest, Jorden"]
[Black "Postny, Evgeny"]
[Result "1-0"]
[WhiteElo "2631"]
[BlackElo "2575"]
[PlyCount "61"]
[EventDate "2018.04.28"]
[EventType "swiss (blitz)"]
[EventRounds "8"]
[EventCountry "GER"]
[SourceTitle "Mega2018 Update 28"]
[Source "Chessbase"]
[SourceDate "2018.05.04"]
[SourceVersion "1"]
[SourceVersionDate "2018.05.04"]
[SourceQuality "1"]

1. e4 e5 2. Nf3 Nc6 3. Nc3 Nf6 4. Be2 Bb4 5. Nd5 Nxd5 6. exd5 Nd4 7. Nxd4 exd4 8. O-O O-O 9. a3 Be7 10. d3 d6 11. Bg4 f5 12. Bf3 Bd7 13. c4 Bg5 14. Re1 Qf6 15. c5 dxc5 16. Bxg5 Qxg5 17. Qb3 Kh8 18. Qxb7 Qd8 19. d6 Rc8 20. Re7 Re8 21. Qxa7 Rxe7 22. dxe7 Qxe7 23. Rc1 Re8 24. h3 Bb5 25. Qxc5 Qxc5 26. Rxc5 Bxd3 27. Rd5 c5 28. Rxc5 Be4 29. Bxe4 fxe4 30. Rd5 d3 31. f3 1-0

[Event "Lasker 150th Birthday Blitz"]
[Site "Berlin"]
[Date "2018.04.28"]
[Round "6"]
[White "Lagarde, Maxime"]
[Black "Grandelius, Nils"]
[Result "0-1"]
[WhiteElo "2591"]
[BlackElo "2652"]
[PlyCount "44"]
[EventDate "2018.04.28"]
[EventType "swiss (blitz)"]
[EventRounds "8"]
[EventCountry "GER"]
[SourceTitle "Mega2018 Update 28"]
[Source "Chessbase"]
[SourceDate "2018.05.04"]
[SourceVersion "1"]
[SourceVersionDate "2018.05.04"]
[SourceQuality "1"]

1. c4 e5 2. g3 Nc6 3. Bg2 Bc5 4. Nc3 a6 5. Nf3 d6 6. e3 Ba7 7. O-O f5 8. d4 e4 9. Nd2 h5 10. f3 h4 11. fxe4 hxg3 12. hxg3 Qg5 13. Qf3 Nf6 14. Nb3 Qh6 15. exf5 Bd7 16. c5 O-O-O 17. cxd6 Rdf8 18. Bd2 Ng4 19. Qxg4 Qh2+ 20. Kf2 Bxf5 21. Qg5 Bg4+ 22. Ke1 Qxg3+ 0-1

[Event "Lasker 150th Birthday Blitz"]
[Site "Berlin"]
[Date "2018.04.28"]
[Round "6"]
[White "Postny, Evgeny"]
[Black "Van Foreest, Jorden"]
[Result "1/2-1/2"]
[WhiteElo "2575"]
[BlackElo "2631"]
[PlyCount "55"]
[EventDate "2018.04.28"]
[EventType "swiss (blitz)"]
[EventRounds "8"]
[EventCountry "GER"]
[SourceTitle "Mega2018 Update 28"]
[Source "Chessbase"]
[SourceDate "2018.05.04"]
[SourceVersion "1"]
[SourceVersionDate "2018.05.04"]
[SourceQuality "1"]

1. d4 d5 2. c4 c6 3. Nf3 Nf6 4. Nc3 dxc4 5. a4 e6 6. e3 c5 7. Bxc4 Nc6 8. O-O Be7 9. dxc5 Qxd1 10. Rxd1 Bxc5 11. b3 O-O 12. Bb2 b6 13. Nb5 Na5 14. Ne5 Nxc4 15. bxc4 Bb7 16. Bd4 Be7 17. a5 bxa5 18. Nxa7 Bb4 19. Nac6 Rfc8 20. Nxb4 axb4 21. Rab1 Ra4 22. Nd3 Be4 23. Rxb4 Rxb4 24. Nxb4 Rxc4 25. Na6 Nd7 26. Nc5 Nxc5 27. Bxc5 f6 28. Ba3 1/2-1/2

[Event "Lasker 150th Birthday Blitz"]
[Site "Berlin"]
[Date "2018.04.28"]
[Round "6"]
[White "Kahlert, Thomas"]
[Black "Volokitin, Andrei"]
[Result "0-1"]
[WhiteElo "2191"]
[BlackElo "2632"]
[PlyCount "38"]
[EventDate "2018.04.28"]
[EventType "swiss (blitz)"]
[EventRounds "8"]
[EventCountry "GER"]
[SourceTitle "Mega2018 Update 28"]
[Source "Chessbase"]
[SourceDate "2018.05.04"]
[SourceVersion "1"]
[SourceVersionDate "2018.05.04"]
[SourceQuality "1"]

1. c4 e5 2. Nc3 Nf6 3. Nf3 Nc6 4. g3 d5 5. cxd5 Nxd5 6. Bg2 Nb6 7. O-O Be7 8. b3 O-O 9. Bb2 Be6 10. Rc1 f6 11. d4 Nxd4 12. Nxd4 exd4 13. Nb5 c5 14. Bxb7 Rb8 15. Bg2 Bd5 16. e4 dxe3 17. fxe3 Bxg2 18. Kxg2 Nd5 19. Qd3 Nf4+ 0-1

[Event "Lasker 150th Birthday Blitz"]
[Site "Berlin"]
[Date "2018.04.28"]
[Round "7"]
[White "Piorun, Kacper"]
[Black "Donchenko, Alexander"]
[Result "1-0"]
[WhiteElo "2642"]
[BlackElo "2574"]
[PlyCount "127"]
[EventDate "2018.04.28"]
[EventType "swiss (blitz)"]
[EventRounds "8"]
[EventCountry "GER"]
[SourceTitle "Mega2018 Update 28"]
[Source "Chessbase"]
[SourceDate "2018.05.04"]
[SourceVersion "1"]
[SourceVersionDate "2018.05.04"]
[SourceQuality "1"]

1. e4 c6 2. d4 d5 3. exd5 cxd5 4. Bd3 Nc6 5. c3 Qc7 6. Ne2 Bg4 7. O-O e6 8. Qe1 Nf6 9. h3 Bh5 10. Nf4 Bg6 11. Nxg6 hxg6 12. Nd2 Bd6 13. Nf3 Nh5 14. Qe2 Nf4 15. Bxf4 Bxf4 16. c4 dxc4 17. Bxc4 O-O 18. g3 Bd6 19. Rac1 Qb6 20. Rfd1 Rad8 21. Kg2 Rfe8 22. h4 Be7 23. d5 exd5 24. Bxd5 Bf6 25. Qc4 Re7 26. Bxc6 Rxd1 27. Rxd1 Qxc6 28. Qxc6 bxc6 29. Rd2 a5 30. Rc2 Re6 31. Nd2 a4 32. Nc4 Re1 33. Nb6 Re4 34. Nc4 Re1 35. Kf3 Ra1 36. a3 Rb1 37. Ke2 Bd4 38. Kd3 c5 39. Ke4 Kf8 40. Kd5 Rf1 41. f4 Rb1 42. g4 Ke7 43. Re2+ Kd8 44. Kc6 Bf6 45. g5 Be7 46. Kb5 Rc1 47. Rd2+ Ke8 48. Re2 Kd8 49. Ne5 f6 50. Nc6+ Kd7 51. Nxe7 fxg5 52. hxg5 Rf1 53. Nxg6 Kd6 54. Kxa4 c4 55. Kb4 Kd5 56. Rd2+ Ke4 57. Kxc4 Kf5 58. Ne7+ Ke6 59. Nd5 Rc1+ 60. Kb5 Kf5 61. a4 Rc8 62. a5 Rb8+ 63. Nb6 Kxf4 64. a6 1-0

[Event "Lasker 150th Birthday Blitz"]
[Site "Berlin"]
[Date "2018.04.28"]
[Round "7"]
[White "Bok, Benjamin"]
[Black "Shirov, Alexei"]
[Result "1-0"]
[WhiteElo "2640"]
[BlackElo "2644"]
[PlyCount "73"]
[EventDate "2018.04.28"]
[EventType "swiss (blitz)"]
[EventRounds "8"]
[EventCountry "GER"]
[SourceTitle "Mega2018 Update 28"]
[Source "Chessbase"]
[SourceDate "2018.05.04"]
[SourceVersion "1"]
[SourceVersionDate "2018.05.04"]
[SourceQuality "1"]

1. c4 c6 2. Nf3 d5 3. g3 g6 4. cxd5 cxd5 5. Bg2 Bg7 6. d4 Nf6 7. O-O O-O 8. Nc3 Nc6 9. Ne5 Ng4 10. Nxc6 bxc6 11. h3 Nh6 12. Bxh6 Bxh6 13. e3 Bg7 14. Rc1 e5 15. dxe5 Bxe5 16. Na4 Bd7 17. Qd2 Rb8 18. b3 Qe7 19. Nc5 Bf5 20. Nd3 Bxd3 21. Qxd3 Rfc8 22. Rc2 Rc7 23. Rfc1 Rbc8 24. h4 f5 25. Rxc6 Rxc6 26. Qxd5+ Kg7 27. Rxc6 Rd8 28. Re6 Rxd5 29. Rxe7+ Kf6 30. Rxa7 Rd1+ 31. Bf1 Bc3 32. Rc7 Be1 33. Rc2 Rb1 34. Kg2 h6 35. Bd3 Bb4 36. Rc6+ Kf7 37. Bxb1 1-0

[Event "Lasker 150th Birthday Blitz"]
[Site "Berlin"]
[Date "2018.04.28"]
[Round "7"]
[White "Volokitin, Andrei"]
[Black "Van Foreest, Jorden"]
[Result "0-1"]
[WhiteElo "2632"]
[BlackElo "2631"]
[PlyCount "102"]
[EventDate "2018.04.28"]
[EventType "swiss (blitz)"]
[EventRounds "8"]
[EventCountry "GER"]
[SourceTitle "Mega2018 Update 28"]
[Source "Chessbase"]
[SourceDate "2018.05.04"]
[SourceVersion "1"]
[SourceVersionDate "2018.05.04"]
[SourceQuality "1"]

1. e4 e5 2. Nf3 Nc6 3. Bc4 Bc5 4. d3 Nf6 5. Nc3 a6 6. O-O h6 7. Nd5 d6 8. c3 Nxd5 9. Bxd5 O-O 10. d4 exd4 11. cxd4 Bb6 12. h3 Ne7 13. Bb3 d5 14. e5 Bf5 15. Be3 Be4 16. Nd2 Bg6 17. Bc2 Bxc2 18. Qxc2 Qd7 19. Nb3 Nf5 20. Nc5 Bxc5 21. Qxc5 c6 22. Rae1 f6 23. Bf4 fxe5 24. Bxe5 Rf7 25. Re2 Qe6 26. Rfe1 Qg6 27. Qc3 Raf8 28. Qd3 Qg5 29. f4 Qh4 30. Kh2 Qd8 31. g4 Nd6 32. f5 Ne4 33. Qe3 Kh7 34. Rg1 g6 35. fxg6+ Kxg6 36. Qd3 Rf3 37. Re3 Rf2+ 38. Kh1 Rd2 39. Qb1 Rff2 40. Rxe4 Rxb2 41. Qd3 Rbd2 42. Qe3 Qe7 43. Bg3 Qxe4+ 44. Qxe4+ dxe4 45. a4 e3 46. Rb1 e2 47. Kg1 Rf1+ 48. Rxf1 exf1=Q+ 49. Kxf1 b5 50. axb5 axb5 51. h4 Kf6 0-1